000 00704nam a2200229Ii 4500
003 JO-AjNU
008 230605s9999||||xx |||||||||||||| ||und||
017 _a2006/4/978
040 _aJO-AjNU
_bara
_erda
_cJO-AjNU
041 _aara
050 1 4 _aPJ7864.A4.A17 2006
100 3 _aالتل، محمود فضيل,
_eauthor
_948720
245 0 0 _aمختارات شعرية
250 _aط1
264 3 1 _aعمان: دار ورد الأردنية للنشر والطباعة،2006
300 _a534ص
336 _atext
_btxt
_2rdacontent
337 _aunmediated
_bn
_2rdamedia
338 _avolume
_bnc
_2rdacarrier
490 0 _aسلسلة إبداع 8
650 4 _aالشعر العربي
_948721
999 _aA21355
_c24923
_d24923